000 00298 a2200121 4500
005 20250408134010.0
082 _a650 PAR
100 _aPARADIS, A. A.
245 _aBusiness in Action.
260 _aNew York,
_bJulian Messner,
_c1962.
300 _a191p.: ill.; picture
_bIndex
_c22cm
942 _2ddc
_cBKS
999 _c1213
_d1213